Every Governor of Idaho - Statistics

General Stats
  • This quiz has been taken 30 times
  • The average score is 12 of 33
Answer Stats
Picture Hint Answer % Correct
R(2019-) Brad Little
91%
R(2006-2007) Jim Risch
91%
R(2007-2019) Butch Otter
73%
R(1999-2006) Dirk Kempthorne
55%
D(1977-1987) John Evans
45%
D(1987-1995) Cecil Andrus
36%
D(1971-1977) Cecil Andrus
36%
R(1919-1923) D. W. Davis
36%
D(1911-1913) James H. Hawley
36%
R(1995-1999) Phil Batt
36%
D(1945-1947) Arnold Williams
27%
D(1937-1939) Barzilla W. Clark
27%
R(1943-1945) C. A. Bottolfsen
27%
R(1939-1941) C. A. Bottolfsen
27%
R(1947-1951) C. A. Robins
27%
D(1931-1937) C. Ben Ross
27%
D(1945-1945) Charles C. Gossett
27%
R(1923-1927) Charles C. Moore
27%
D(1941-1943) Chase A. Clark
27%
R(1967-1971) Don Samuelson
27%
R(1905-1909) Frank R. Gooding
27%
D(1897-1901) Frank Steunenberg
27%
D(1901-1903) Frank W. Hunt
27%
R(1890-1890) George L. Shoup
27%
R(1927-1931) H. C. Baldridge
27%
R(1909-1911) James H. Brady
27%
R(1913-1915) John M. Haines
27%
R(1903-1905) John T. Morrison
27%
R(1951-1955) Leonard B. Jordan
27%
D(1915-1919) Moses Alexander
27%
R(1890-1893) N. B. Willey
27%
R(1955-1967) Robert E. Smylie
27%
R(1893-1897) William J. McConnell
27%
No matching quizzes found
Score Distribution
Percent of People with Each Score
Percentile by Number Answered
Your Score History
You have not taken this quiz